LIBRARY & INFORMATION CENTRE, KCAET, TAVANUR

ONLINE PUBLIC ACCESS CATALOGUE (OPAC)

Jamnlal Bajaj (Brief history of his life and his character) / (Record no. 5779)

MARC details
000 -LEADER
fixed length control field 00452cam a2200169ua 4500
041 ## - LANGUAGE CODE
Language code of text/sound track or separate title ben
082 ## - DEWEY DECIMAL CLASSIFICATION NUMBER
Classification number 923.6
Item number PAR/JA
100 ## - MAIN ENTRY--AUTHOR NAME
Personal name Parvate, T.V .
245 ## - TITLE STATEMENT
Title Jamnlal Bajaj (Brief history of his life and his character) /
260 ## - PUBLICATION, DISTRIBUTION, ETC. (IMPRINT)
Place of publication Ahmadabad :
Name of publisher Navajivan publishing house ,
Year of publication 1962.
300 ## - PHYSICAL DESCRIPTION
Number of Pages 176 ; .
942 ## - ADDED ENTRY ELEMENTS (KOHA)
Koha item type Books
Holdings
Withdrawn status Lost status Damaged status Home library Current library Date acquired Full call number Accession Number Koha item type
Withdrawn     KAUAET Sanskrit University 07/04/2012 923.6 2278 Books
free website counter